ՀՀ Գիտությունների ազգային ակադեմիայի հիմնարար գիտական գրադարան  =   Fundamental Scientific Library of NAS RA

Միջնադարեան հայ ճարտարապետութիւնը : (Record no. 147299)

MARC details
000 -LEADER
fixed length control field 00753nam a2200193 a 4500
001 - CONTROL NUMBER
control field 000387279
003 - CONTROL NUMBER IDENTIFIER
control field AM-YeHGA
005 - DATE AND TIME OF LATEST TRANSACTION
control field 20250617132224.0
008 - FIXED-LENGTH DATA ELEMENTS--GENERAL INFORMATION
fixed length control field 041124s1951 ai 000 | arm d
040 ## - CATALOGING SOURCE
Original cataloging agency AM-YeHGA
041 0# - LANGUAGE CODE
Language code of text/sound track or separate title arm
090 ## - LOCALLY ASSIGNED LC-TYPE CALL NUMBER (OCLC); LOCAL CALL NUMBER (RLIN)
-- 148686
100 1# - MAIN ENTRY--PERSONAL NAME
Personal name Օրագեան, Ա.
245 10 - TITLE STATEMENT
Title Միջնադարեան հայ ճարտարապետութիւնը :
Remainder of title (Ակնարկ) /
Statement of responsibility, etc. Ա. Օրագեան.
260 ## - PUBLICATION, DISTRIBUTION, ETC.
Place of publication, distribution, etc. Գահիրէ :
Name of publisher, distributor, etc. "Հայ մշակոյթի բարեկամներու մարմն"ի հրատ.,
Date of publication, distribution, etc. 1951.
300 ## - PHYSICAL DESCRIPTION
Extent 16 էջ :
Other physical details 34 չհաշվ. թ. լուսանկ., 16 չհաշվ. թ. գուն. նկ. ;
Dimensions 24 սմ.
650 14 - SUBJECT ADDED ENTRY--TOPICAL TERM
Topical term or geographic name entry element Հայ ճարտարապետության պատմություն
Chronological subdivision Միջնադար
942 ## - ADDED ENTRY ELEMENTS (KOHA)
Source of classification or shelving scheme Universal Decimal Classification
Koha item type Գրքեր / Books
Holdings
Withdrawn status Lost status Damaged status Not for loan Collection Home library Current library Date acquired Total checkouts Full call number Barcode Date last seen Copy number Cost, replacement price Price effective from Koha item type Public note Source of classification or shelving scheme
        General Fundamental Scientific Library Fundamental Scientific Library 22/12/2016   AII/97368 FL0188616 22/12/2016 726.5(479.25) 1000.00 22/12/2016 Գրքեր / Books 30 Days Loan  
        Alpoiajian Individual Collection Fundamental Scientific Library Fundamental Scientific Library 07/02/2019   Ալպ/441 FL0548780 07/02/2019     07/02/2019 Գրքեր / Books ILL Non-Circ Universal Decimal Classification


ՀՀ ԳԱԱ հիմնարար գիտական գրադարան
ՀՀ,Երևան 0019
Մարշալ Բաղրամյան 24/6
հեռախոս:(374-10) 52-47-50
Հետադարձ կապ

All site content, except where otherwise noted, is licensed under a
Creative Commons License